| 000 | 00697nam a2200253Ia 4500 | ||
|---|---|---|---|
| 003 | AR-RoIUNI | ||
| 005 | 20241122062555.0 | ||
| 008 | 150616s9999 xx 000 0 und d | ||
| 040 | _cIUNIR | ||
| 040 |
_dOCLC _cIUNIR |
||
| 080 | _a616-053.2 DUF | ||
| 100 | 1 | _aDuffau T., Gaston | |
| 245 | 1 |
_aMetabolismo hidrosalino y balance acido-base en el niño _bConceptos basicos y situaciones clinicas frecuentes _cMeneghello, Julio, coord. |
|
| 250 | _a1a. ed. | ||
| 260 | _aSantiago de Chile | ||
| 260 | _bAndres Bello | ||
| 260 | _c1980 | ||
| 300 | _a95 p. | ||
| 300 | _c27 cm. | ||
| 650 | 1 | 0 |
_aMedicina _958 |
| 650 | 1 | 0 |
_9125 _aPediatría |
| 700 | 1 | _aEmilfork S., Marcos | |
| 942 |
_cBK _2cdu |
||
| 999 |
_c398 _d398 |
||